000 01595cam a22003618i 4500
001 18642012
003 SISC
005 20161115105134.0
008 150603s2016 mau b 001 0 eng
010 _a 2015019386
020 _a9781118773208 (paperback)
040 _aDLC
_beng
_cDLC
_erda
042 _apcc
050 0 0 _aRC 467.8
_b.B37 2016
082 0 0 _a616.89
084 _aPSY007000
_2bisacsh
100 1 _aBarker, Chris,
_d1948-
245 1 0 _aResearch methods in clinical psychology :
_ban introduction for students and practitioners /
_cChris Barker and Nancy Pistrang, University College London and Robert Elliott, University of Strathclyde.
250 _a3rd edition.
260 _aUK :
_bJohn Wiley & Sons,
_c2016.
263 _a1508
300 _axii, 293 pages :
_billustrations ;
_c23 cm.
500 _aIncludes bibliographical references and index.
520 _a"Offers a comprehensive introduction to the various methods, approaches, and strategies for conducting research in the clinical psychology field"--
650 7 _aPSYCHOLOGY / Clinical Psychology.
_2bisacsh
700 1 _aPistrang, Nancy.
700 1 _aElliott, Robert,
_d1950-
776 0 8 _iOnline version:
_aBarker, Chris, 1948-
_tResearch methods in clinical psychology
_bThird edition.
_dMalden, MA : John Wiley and Sons, Inc., 2016
_z9781118773178
_w(DLC) 2015022392
856 4 2 _3Cover image
_uhttp://catalogimages.wiley.com/images/db/jimages/9781118773208.jpg
906 _a7
_bcbc
_corignew
_d1
_eecip
_f20
_gy-gencatlg
942 _2lcc
_cBK
999 _c305265
_d305265